Fundamentals of atmospheric modeling /
Guardado en:
| Autor Principal: | |
|---|---|
| Formato: | Libro |
| Idioma: | English |
| Publicado: |
Cambridge, UK :
Cambridge University Press,
1999.
|
| Materias: | |
| Acceso en línea: | Descripción Tabla de contenido |
| Etiquetas: |
Agregar Etiqueta
Sin Etiquetas, Sea el primero en etiquetar este registro!
|
| LEADER | 01233cam a22003255a 4500 | ||
|---|---|---|---|
| 001 | EIQ.libpla003348 | ||
| 008 | 980309s1999####enka#####b####001#0#eng#d | ||
| 005 | 20071204191213.0 | ||
| 245 | 1 | 0 | |a Fundamentals of atmospheric modeling / |c Mark Z. Jacobson. |
| 260 | |a Cambridge, UK : |b Cambridge University Press, |c 1999. | ||
| 300 | |a xvi, 656 p. : |b il. ; |c 26 cm. | ||
| 504 | |a Incluye referencias bibliográficas (p. 613-634) e índice. | ||
| 020 | |a 0521631432 (hardback) | ||
| 020 | |a 0521637171 (paperback) | ||
| 100 | 1 | |a Jacobson, Mark Z. |q (Mark Zachary) | |
| 246 | 3 | 0 | |a Atmospheric modeling |
| 082 | 0 | 0 | |a 551.5 |2 21 |
| 650 | 4 | |a Física atmosférica |x Modelos matemáticos. | |
| 650 | 4 | |a Aire |x Modelos matemáticos. | |
| 650 | 4 | |a Aire |x Polución. | |
| 650 | 4 | |a Aire |x Contaminación. | |
| 650 | 0 | |a Atmospheric physics |x Mathematical models. | |
| 650 | 4 | |a Air |x Mathematical models. | |
| 650 | 4 | |a Air |x Pollution. | |
| 650 | 4 | |a Air |x Contamination. | |
| 010 | |a 98015180 | ||
| 040 | |a DLC |c DLC |d AR-BbSID | ||
| 856 | 4 | 2 | |3 Descripción |u http://www.loc.gov/catdir/description/cam029/98015180.html |
| 856 | 4 | 1 | |3 Tabla de contenido |u http://www.loc.gov/catdir/toc/cam022/98015180.html |
| 859 | |a AR-BbSID |b BIB. PLAPIQUI |h 551.5 |i J 157 |p 5656 | ||
